Normal view
MARC view
- جمع وإعداد: الشريف، عمر بن محمد بن مسعود
Entry Personal Name
001 - CONTROL NUMBER
- control field: 43507
003 - CONTROL NUMBER IDENTIFIER
- control field: JO-AjAnu
005 - DATE AND TIME OF LATEST TRANSACTION
- control field: 20230606081217.0
008 - FIXED-LENGTH DATA ELEMENTS
- fixed length control field: 230606|| aca||aabn | a|a d
040 ## - CATALOGING SOURCE
- Original cataloging agency: JO-AjAnu
- Transcribing agency: JO-AjAnu
100 ## - HEADING--PERSONAL NAME
- Personal name: جمع وإعداد: الشريف، عمر بن محمد بن مسعود
670 ## - SOURCE DATA FOUND
- Source citation: Work cat.: (JO-AjAnu)22277: جمع وإعداد: الشريف، عمر بن محمد بن مسعود, author, أحاديث وعظات في فضل التبكير الى الصلوات و 120 مسألة في أحكام المسبوق في سائر الصلوات